BIBLIOTECA PODER JUDICIAL
Portal Judicial TDF

Las cosas por su nombre : (Registro nro. 5763)

000 -LEADER
fixed length control field 01018nab a22002057a 4500
003 - CONTROL NUMBER IDENTIFIER
control field OSt
005 - DATE AND TIME OF LATEST TRANSACTION
control field 20260105152022.0
008 - FIXED-LENGTH DATA ELEMENTS--GENERAL INFORMATION
fixed length control field 190514b xxu||||| |||| 00| 0 spa d
040 ## - CATALOGING SOURCE
Transcribing agency PJ
100 ## - MAIN ENTRY--PERSONAL NAME
9 (RLIN) 6678
Personal name Portillo, Claudia E.
245 13 - TITLE STATEMENT
Title Las cosas por su nombre :
Remainder of title el poder transformador de las sentencias /
Statement of responsibility, etc Claudia E. Portillo.
300 ## - PHYSICAL DESCRIPTION
Extent p. 186-195
500 ## - GENERAL NOTE
General note Cita: TR LALEY AR/DOC/873/2025.
505 ## - FORMATTED CONTENTS NOTE
Formatted contents note Sumario: I. La sentencia.— II. La autonomía de la voluntad y sus límites.— III. Falso SAP.— IV. Función judicial en el marco de un pedido de homologación.— V. Conclusiones.
505 ## - FORMATTED CONTENTS NOTE
Title Fallo comentado: TColeg. Familia Nro. 3, Santa Fe ~ 01/11/2024 ~ P., N. R. c. B., J. M. s/ homologaciones de acuerdos.
650 #0 - SUBJECT ADDED ENTRY--TOPICAL TERM
9 (RLIN) 967
Topical term or geographic name as entry element DERECHO DE FAMILIA
650 #0 - SUBJECT ADDED ENTRY--TOPICAL TERM
9 (RLIN) 1057
Topical term or geographic name as entry element JURISPRUDENCIA APLICABLE
773 0# - HOST ITEM ENTRY
Host Biblionumber 2844
Host Itemnumber 3222
Place, publisher, and date of publication Buenos Aires : AbeledoPerrot, 1989-
Title Derecho de familia. Revista Interdisciplinaria de doctrina y jurisprudencia. Junio 2025-III.
International Standard Book Number 18511201
942 ## - ADDED ENTRY ELEMENTS (KOHA)
Source of classification or shelving scheme
Koha item type Analítica Artículo de Revista

No hay ítems disponibles.

12 de Octubre 789 Ushuaia - Tel:  54(02901)441571
Horario de Atención: 8.00 a 17.00 hs. 
bibliotecaush@justierradelfuego.gov.ar
koha@justierradelfuego.gov.ar
Seguinos en nuestras redes @bibliojustdf 

Con tecnología Koha